[Event "Svenska Cupen"]
[Site "Linkoping"]
[Date "2015.09.04"]
[Round "1.1"]
[White "Thorn, Eric"]
[Black "Lokander, Martin"]
[Result "1-0"]
[WhiteElo "2273"]
[BlackElo "2385"]

1.d4 Nf6 2.c4 c5 3.d5 e5 4.Nc3 d6 5.e4 Be7 6.Bd3 O-O 7.h3 Nbd7 8.Nge2 Ne8 
9.O-O Bg5 10.a3 g6 11.b4 Ng7 12.Rb1 Bxc1 13.Qxc1 f5 14.f4 exf4 15.Nxf4 Ne5
16.exf5 Nxd3 17.Nxd3 Bxf5 18.Qd2 Qh4 19.Rf4 Qg5 20.bxc5 Nh5 21.Ne4 Qd8 22.
Rxf5 gxf5 23.Ng5 Qf6 24.Ne6 Rf7 25.cxd6 f4 26.Qd1 Ng7 27.Ndxf4 Nf5 28.c5 
Qe5 29.Qg4+ Kh8 30.Qe2 Qc3 31.Qb2 Qxb2 32.Rxb2 Rb8 33.Kf2 b6 34.g4 Ng7 35.
Ke3 Ne8 36.Ng5 Rg7 37.Ne4 Rd7 38.c6 Rxd6 39.Nxd6 Nxd6 40.Kd4 Kg7 41.a4 Kf7
42.Re2 Re8 43.Rxe8 Kxe8 44.g5 a6 45.Nh5 Kf7 46.Nf6 b5 47.axb5 Nxb5+ 48.Kc5
h6 49.d6 Ke6 50.c7 Nxd6 51.gxh6 1-0

[Event "Svenska Cupen"]
[Site "Linkoping"]
[Date "2015.09.04"]
[Round "1.2"]
[White "Backman, Michael"]
[Black "Sjoholm, Emil"]
[Result "1-0"]
[WhiteElo "2320"]
[BlackElo "2174"]

1.d4 Nf6 2.c4 e6 3.Nc3 c5 4.d5 exd5 5.cxd5 d6 6.e4 g6 7.f4 Bg7 8.Bb5+ Nbd7
9.Nf3 O-O 10.O-O a6 11.Bd3 Re8 12.a4 c4 13.Bc2 Nc5 14.e5 dxe5 15.Nxe5 Rxe5
16.fxe5 Ng4 17.e6 Bxe6 18.dxe6 Bd4+ 19.Kh1 Qh4 20.exf7+ Kf8 21.Bf4 Nf2+ 
22.Rxf2 Qxf2 23.Qf1 Qxf1+ 24.Rxf1 Rd8 25.Bg5 Rc8 26.Nd5 Ne6 27.Bh6+ Bg7 
28.Bxg7+ Kxg7 29.Nb6 Rc7 30.Be4 c3 31.Nd5 Rc4 32.Nxc3 Rb4 33.Bd5 Nf8 34.b3
b5 35.axb5 axb5 36.h3 Rd4 37.Rd1 Rxd1+ 38.Nxd1 Kf6 39.b4 Ke5 40.Bc6 Ke6 
41.Bxb5 Kxf7 42.Bc4+ Ke7 43.Kg1 Kd6 44.Kf2 Nd7 45.Nb2 Ke5 46.Ke3 Nb6 47.
Nd3+ Kf5 48.Bb3 h5 49.Kd4 g5 50.b5 g4 51.h4 g3 52.Bd1 Ke4 53.Kxe4+ 1-0

[Event "Svenska Cupen"]
[Site "Linkoping"]
[Date "2015.09.04"]
[Round "1.3"]
[White "Gundersen, Ingvar"]
[Black "Bryntze, Stefan"]
[Result "1/2-1/2"]
[WhiteElo "1811"]
[BlackElo "2182"]

1.e4 e5 2.Nf3 Nc6 3.Bb5 Nf6 4.O-O Be7 5.Re1 d6 6.c3 O-O 7.d4 Bd7 8.Ba4 a6 
9.Nbd2 b5 10.Bc2 Bg4 11.d5 Na5 12.Nf1 Qd7 13.Ng3 c6 14.Qd3 Nb7 15.b4 Rac8 
16.a4 Qc7 17.Nh4 cxd5 18.Nhf5 dxe4 19.Nxe4 Nxe4 20.Qxe4 Bxf5 21.Qxf5 g6 
22.Qd3 Qxc3 23.Qxc3 Rxc3 24.Be4 Nd8 25.axb5 axb5 26.Ra5 Ne6 27.Bd2 Rc7 28.
Rxb5 Nd4 29.Rb6 Rfc8 30.h3 Kg7 31.f4 f5 32.Bd5 Rc2 33.Rb7 Kf8 34.fxe5 Rxd2
35.exd6 Ne2+ 36.Kf1 Bxd6 37.Rf7+ Kg8 38.Rc7+ Rxd5 39.Rxc8+ Kg7 40.Rxe2 
Bxb4 41.Rc4 1/2-1/2

[Event "Svenska Cupen"]
[Site "Linkoping"]
[Date "2015.09.04"]
[Round "1.7"]
[White "Malmstig, Erik"]
[Black "Goransson, Rolf"]
[Result "1-0"]
[WhiteElo "2305"]
[BlackElo "1981"]

1.d4 Nf6 2.c4 d6 3.Nc3 e5 4.Nf3 Nbd7 5.e4 c6 6.Be2 Qc7 7.O-O Be7 8.Rb1 a5 
9.a3 O-O 10.b4 axb4 11.axb4 Re8 12.h3 Bf8 13.d5 c5 14.Bg5 cxb4 15.Rxb4 h6 
16.Be3 Nc5 17.Qb1 Nfd7 18.Nb5 Qb8 19.Nh4 g6 20.Bd1 Bg7 21.Bc2 Rf8 22.Rd1 
Ra6 23.Nf3 b6 24.Nh2 Kh7 25.Ng4 h5 26.Nh2 Nf6 27.f4 Bh6 28.Qc1 Bxf4 29.
Bxf4 exf4 30.Qxf4 Ne8 31.Nf3 Bd7 32.Nbd4 f6 33.Ng5+ Kg7 34.Nge6+ Bxe6 35.
dxe6 Qc8 36.Qg3 Nxe6 37.e5 Nxd4 38.Qxg6+ Kh8 39.Qh7# 1-0

[Event "Svenska Cupen"]
[Site "Linkoping"]
[Date "2015.09.04"]
[Round "1.8"]
[White "Ljunggren, Jacob"]
[Black "Lindgren, Fredrik"]
[Result "0-1"]
[WhiteElo "1887"]
[BlackElo "2285"]

1.e4 c5 2.Nf3 e6 3.d3 Nc6 4.g3 Nge7 5.Bg2 d5 6.Nbd2 g6 7.O-O Bg7 8.Re1 O-O
9.a3 b6 10.Rb1 Qc7 11.Nf1 Bb7 12.Bf4 e5 13.Bg5 f6 14.Bd2 Kh8 15.h4 Rad8 
16.h5 g5 17.Ne3 d4 18.Ng4 h6 19.Qc1 Bc8 20.Ngh2 Be6 21.Nf1 Bg4 22.N3h2 
Bxh5 23.Bf3 Bxf3 24.Nxf3 Qd7 25.Kg2 Ng8 26.N1h2 f5 27.Rh1 f4 28.Nxg5 hxg5 
29.Ng4+ Nh6 30.Nxh6 Bxh6 31.Rxh6+ Kg7 32.Qh1 Rh8 33.Rh5 Qg4 34.Rxh8 Rxh8 
35.Qg1 Qh3+ 36.Kf3 g4+ 37.Ke2 f3+ 38.Ke1 Qg2 0-1

[Event "Svenska Cupen"]
[Site "Linkoping"]
[Date "2015.09.05"]
[Round "3.1"]
[White "Welin, Mats"]
[Black "Thorn, Eric"]
[Result "1-0"]
[WhiteElo "2414"]
[BlackElo "2273"]

1.e4 e5 2.Nf3 Nc6 3.Bb5 a6 4.Ba4 Nf6 5.O-O Be7 6.Re1 b5 7.Bb3 d6 8.c3 O-O 
9.h3 Na5 10.Bc2 c5 11.d4 Qc7 12.Nbd2 Nc6 13.d5 Nd8 14.a4 Rb8 15.b4 g6 16.
Nf1 Nh5 17.g4 Nf4 18.Kh2 cxb4 19.cxb4 a5 20.bxa5 b4 21.Be3 Qxa5 22.N1d2 
Ba6 23.Nb3 Qc7 24.Rc1 Qd7 25.Qd2 g5 26.Rb1 h5 27.Rg1 Bc8 28.Nfd4 exd4 29.
Bxf4 gxf4 30.Qxf4 h4 31.Qh6 Ba6 32.Nxd4 f6 33.e5 Rf7 34.e6 Qa7 35.exf7+ 
Nxf7 36.Qh7+ Kf8 37.Ne6+ Ke8 38.Qg8+ Kd7 39.Qxf7 1-0

[Event "Svenska Cupen"]
[Site "Linkoping"]
[Date "2015.09.05"]
[Round "3.2"]
[White "Aperia, Jakob"]
[Black "Bengtsson, Jonas"]
[Result "1/2-1/2"]
[WhiteElo "2209"]
[BlackElo "2246"]

1.c4 Nf6 2.g3 c5 3.Bg2 d5 4.cxd5 Nxd5 5.Nc3 Nc7 6.Nf3 Nc6 7.a3 Rb8 8.b4 
cxb4 9.axb4 b5 10.d4 e6 11.O-O Bxb4 12.Bb2 O-O 13.e4 a5 14.d5 Bxc3 15.Bxc3
exd5 16.Bxa5 Nxa5 17.Rxa5 dxe4 18.Qxd8 Rxd8 19.Ne5 Re8 20.Nc6 Rb6 21.Nb4 
Bb7 22.Rd1 f5 23.Rd7 Rc8 24.Bh3 g6 25.g4 f4 26.g5 Ra8 27.Rxa8+ Nxa8 28.
Rd8+ Kf7 29.Rd7+ Kg8 1/2-1/2

[Event "Svenska Cupen"]
[Site "Linkoping"]
[Date "2015.09.05"]
[Round "3.3"]
[White "Berggren Torell, Harald"]
[Black "Sjoholm, Emil"]
[Result "1/2-1/2"]
[WhiteElo "2225"]
[BlackElo "2174"]

1.e4 e5 2.Nf3 Nc6 3.d4 exd4 4.Nxd4 Bb4+ 5.c3 Bc5 6.Nxc6 bxc6 7.Bd3 d6 8.
O-O Ne7 9.c4 O-O 10.Nc3 Rb8 11.a3 Ng6 12.Qc2 Be6 13.Na4 Bd4 14.Re1 Qf6 15.
Rb1 Ne5 16.Be3 Nxd3 17.Qxd3 Bxe3 18.Rxe3 c5 19.b3 Rfe8 20.Rbe1 Qd4 21.Qc2 
Bd7 22.Nc3 Re6 23.Rd3 Qf6 24.Nd5 Qd8 25.Qd1 Bc6 26.Nc3 Qe7 27.Rde3 Re8 28.
Nd5 Qd8 29.Qd2 Qb8 30.Qc3 Bxd5 31.exd5 Rxe3 32.Rxe3 Kf8 33.h4 Rxe3 34.Qxe3
Qd8 35.g3 Qd7 36.Qg5 h6 37.Qe3 a5 38.a4 c6 39.Qd3 Kg8 40.Kg2 Qb7 41.dxc6 
Qxc6+ 42.Qf3 Qb6 43.h5 Qb8 44.Qd3 Qe8 45.g4 Qe5 46.f3 Kf8 47.Qd2 f5 48.
Qxa5 Qe2+ 49.Kg1 Qe3+ 50.Kg2 Qe2+ 51.Kg1 fxg4 52.Qd8+ Kf7 53.Qd7+ Kg8 54.
fxg4 Qd1+ 55.Kg2 Qc2+ 56.Kg1 Qb1+ 57.Kg2 Qb2+ 58.Kf1 Qf6+ 59.Kg2 Qb2+ 60.
Kf1 Qc1+ 61.Kg2 Qd2+ 62.Kg1 Qe1+ 1/2-1/2

[Event "Svenska Cupen"]
[Site "Linkoping"]
[Date "2015.09.05"]
[Round "3.4"]
[White "Gundersen, Ingvar"]
[Black "Svorono, Gabriel"]
[Result "0-1"]
[WhiteElo "1811"]
[BlackElo "1982"]

1.f4 d5 2.Nf3 Nf6 3.e3 c5 4.b3 g6 5.Bb2 Bg7 6.Be2 O-O 7.O-O Nc6 8.Ne5 Qc7 
9.Na3 a6 10.Rb1 Rd8 11.d3 b5 12.c4 b4 13.Nc2 Bb7 14.Ne1 dxc4 15.bxc4 Ne4 
16.Qc2 Nxe5 17.dxe4 Nd7 18.Bxg7 Kxg7 19.Nf3 e5 20.f5 Nf6 21.Ng5 h6 22.fxg6
hxg5 23.Bd3 fxg6 24.Qf2 Rf8 25.Qg3 Bxe4 26.Rbd1 Bxd3 27.Rxd3 Ne4 28.Rxf8 
Rxf8 29.Qg4 Nd6 30.Qxg5 Nxc4 31.h4 Qf7 32.Qg4 Qf1+ 0-1

[Event "Svenska Cupen"]
[Site "Linkoping"]
[Date "2015.09.05"]
[Round "3.5"]
[White "Emmoth, Alfons"]
[Black "Hultin, Per"]
[Result "1-0"]
[WhiteElo "1858"]
[BlackElo "2130"]

1.d4 d5 2.c4 c6 3.e3 Nf6 4.Nc3 e6 5.Nf3 Bd6 6.Qc2 O-O 7.b3 Nbd7 8.Be2 dxc4
9.bxc4 e5 10.O-O Re8 11.a4 exd4 12.exd4 Nf8 13.h3 Bb4 14.Bd3 Qa5 15.Ne2 
Qc7 16.Bg5 Be7 17.Rad1 Be6 18.Nf4 h6 19.Bh4 Qxf4 20.Bg3 Qxf3 21.gxf3 Bxh3 
22.Rfe1 Ne6 23.Bf5 Bxf5 24.Qxf5 Rad8 25.d5 cxd5 26.cxd5 g6 27.Qb1 Ng5 28.
Kg2 b6 29.d6 Bf8 30.Rxe8 Nxe8 31.d7 Nf6 32.Qb5 Ne6 33.Qc6 Nc5 34.Qxf6 1-0

[Event "Svenska Cupen"]
[Site "Linkoping"]
[Date "2015.09.05"]
[Round "3.6"]
[White "Gunnarsson, Lennart"]
[Black "Grueso Cordoba, Santiago"]
[Result "1-0"]
[WhiteElo "1862"]
[BlackElo "1799"]

1.d4 Nf6 2.c4 e6 3.Nc3 Bb4 4.Qc2 O-O 5.a3 Bxc3+ 6.Qxc3 b6 7.Nf3 Bb7 8.Bg5 
d6 9.g3 Nbd7 10.Bg2 h6 11.Bxf6 Qxf6 12.O-O Rad8 13.Nd2 Bxg2 14.Kxg2 e5 15.
d5 Qg6 16.e4 f5 17.exf5 Qxf5 18.Rae1 Rde8 19.Ne4 Nf6 20.Nxf6+ Rxf6 21.Re3 
h5 22.h4 Ref8 23.b4 Rg6 24.Qd3 Qxd3 25.Rxd3 Rf4 26.c5 bxc5 27.bxc5 Rxh4 
28.c6 Ra4 29.Rb1 Rf6 30.Rb8+ Kh7 31.Rd8 Rd4 32.Rxd4 exd4 33.Rd7 d3 34.Kf1 
d2 35.Ke2 Rxf2+ 36.Kd1 Rf5 37.Rxc7 Rxd5 38.Rd7 Rc5 39.c7 Kg6 40.Kxd2 Kf6 
41.Kd3 g5 42.Kd4 h4 43.Rxd6+ 1-0

[Event "Svenska Cupen"]
[Site "Linkoping"]
[Date "2015.09.05"]
[Round "3.7"]
[White "Svensson, John"]
[Black "Jansson, Gilbert"]
[Result "1-0"]
[WhiteElo "1693"]
[BlackElo "1838"]

1.e4 c5 2.Nf3 d6 3.d4 cxd4 4.Nxd4 g6 5.Nc3 Bg7 6.Be3 Nf6 7.f3 O-O 8.Bc4 
Nc6 9.Qd2 Bd7 10.Bb3 Qc8 11.O-O-O Na5 12.h4 Nxb3+ 13.axb3 a5 14.h5 a4 15.
Bh6 Bxh6 16.Qxh6 a3 17.hxg6 fxg6 18.Nd5 Rf7 19.Nxf6+ exf6 20.bxa3 Rxa3 21.
Kb2 Ra5 22.Qf4 Qc5 23.c3 Qa3+ 24.Kc2 Qa2+ 25.Kd3 Qb2 26.Rd2 Qa3 27.Rhd1 
Rc5 28.Rc2 Qa6+ 29.Ke3 Rg5 30.g4 d5 31.exd5 Rxd5 32.Kf2 Qb6 33.Ra1 Kg7 34.
Rcc1 Re5 35.Rh1 Rfe7 36.Rhe1 Qc5 37.Qd2 Bc6 38.f4 Re4 39.Rxe4 Rxe4 40.Re1 
Rxe1 41.Qxe1 Qd5 42.Nxc6 bxc6 43.Qe7+ Kg8 44.Qxf6 Qd2+ 45.Kg3 Qe3+ 46.Kh4 
Qc5 47.b4 Qd5 48.Qd4 Qg2 49.Kg5 Kf7 50.Qd7+ Kf8 51.Kf6 1-0

[Event "Svenska Cupen"]
[Site "Linkoping"]
[Date "2015.09.05"]
[Round "3.8"]
[White "Pettersson, Kjell-Erik"]
[Black "Carlsson, Ludvig"]
[Result "0-1"]
[WhiteElo "1700"]
[BlackElo "1633"]

1.e4 c6 2.d4 d5 3.exd5 cxd5 4.Bd3 Nc6 5.c3 Nf6 6.Bf4 Bg4 7.Qb3 Qd7 8.Nd2 
e6 9.Ngf3 Be7 10.Ne5 Qc8 11.Nxg4 Nxg4 12.Qd1 e5 13.dxe5 Ncxe5 14.Bb5+ Nc6 
15.O-O O-O 16.Nf3 Qf5 17.Qd2 Nge5 18.Nxe5 Nxe5 19.Bxe5 Qxe5 20.Rfe1 Qd6 
21.Qe2 Bf6 22.Rad1 Qc5 23.Bd3 g6 24.Qf3 Bg7 25.Bc2 d4 26.cxd4 Qxc2 27.Qxb7
Rab8 28.Qe4 Rxb2 29.Qxc2 Rxc2 30.d5 Rd8 31.d6 Kf8 32.d7 Rc7 0-1

[Event "Svenska Cupen"]
[Site "Linkoping"]
[Date "2015.09.05"]
[Round "4.1"]
[White "Welin, Mats"]
[Black "Emmoth, Alfons"]
[Result "1-0"]
[WhiteElo "2414"]
[BlackElo "1858"]

1.e4 e6 2.d4 d5 3.Nc3 Bb4 4.e5 c5 5.a3 Bxc3+ 6.bxc3 Ne7 7.Qg4 Qc7 8.Bd3 c4
9.Be2 Qa5 10.Bd2 Nf5 11.Bd1 Nc6 12.Ne2 Nce7 13.Nf4 Bd7 14.Nh5 O-O-O 15.Qf3
g6 16.Nf6 Ba4 17.g4 Ng7 18.Rg1 h6 19.Rg3 Rdf8 20.Rh3 g5 21.Qg3 Ng6 22.f4 
gxf4 23.Bxf4 h5 24.gxh5 Nf5 25.Qf2 Nxf4 26.Qxf4 Ne7 27.Kd2 Nf5 28.Bf3 Ne7 
29.Rg3 Qd8 30.Rag1 Qa5 31.Rg7 Bxc2 32.Kxc2 Qxa3 33.Qc1 Qb3+ 34.Kd2 Nf5 35.
Qa1 Nxd4 36.Bd1 b5 37.R7g3 b4 38.cxd4 c3+ 39.Kc1 Qc4 40.Qxa7 b3 41.Qa8+ 
Kc7 42.Qa5+ Kb7 43.Rxc3 1-0

[Event "Svenska Cupen"]
[Site "Linkoping"]
[Date "2015.09.05"]
[Round "4.2"]
[White "Grueso Cordoba, Santiago"]
[Black "Bengtsson, Jonas"]
[Result "0-1"]
[WhiteElo "1799"]
[BlackElo "2246"]

1.d4 Nf6 2.Nf3 e6 3.Bg5 c5 4.c3 h6 5.Bh4 b6 6.Nbd2 Bb7 7.e3 Be7 8.Bd3 cxd4
9.exd4 O-O 10.O-O d6 11.Qe2 Nbd7 12.Rae1 Re8 13.h3 a6 14.Bg3 b5 15.a4 bxa4
16.Ra1 Bc6 17.Bc2 Nb6 18.Ne1 Qd7 19.Nd3 Bb5 20.Rfe1 Rec8 21.Ne4 Nfd5 22.
Qg4 f5 23.Qg6 fxe4 24.Nf4 Nxf4 25.Bxf4 d5 26.f3 Bd3 27.Bxd3 exd3 28.Rxe6 
Nc4 29.Rae1 Bf8 30.Qxd3 Re8 31.Qg6 Qf7 32.Qxf7+ Kxf7 33.Rxe8 Rxe8 34.Ra1 
a3 35.bxa3 Bxa3 36.Rb1 Bb2 0-1

[Event "Svenska Cupen"]
[Site "Linkoping"]
[Date "2015.09.05"]
[Round "4.3"]
[White "Berggren Torell, Harald"]
[Black "Svensson, John"]
[Result "1-0"]
[WhiteElo "2225"]
[BlackElo "1693"]

1.e4 c5 2.Nf3 d6 3.Bb5+ Nc6 4.Bxc6+ bxc6 5.O-O g6 6.d4 cxd4 7.Qxd4 Nf6 8.
e5 c5 9.Qc4 Be6 10.Qa4+ Nd7 11.Ng5 Bf5 12.g4 Be6 13.Re1 Qb6 14.exd6 Qxd6 
15.Nc3 a6 16.Bf4 Qb6 17.Nxe6 fxe6 18.Qe4 Rd8 19.Qxe6 Qxb2 20.Nd5 Qg7 21.
Nc7# 1-0

[Event "Svenska Cupen"]
[Site "Linkoping"]
[Date "2015.09.05"]
[Round "4.4"]
[White "Carlsson, Ludvig"]
[Black "Svorono, Gabriel"]
[Result "0-1"]
[WhiteElo "1633"]
[BlackElo "1982"]

1.e4 c5 2.Nf3 e6 3.d4 cxd4 4.Nxd4 Nc6 5.Be3 Nf6 6.f3 d5 7.Nxc6 bxc6 8.e5 
Nd7 9.f4 Rb8 10.Nd2 Bc5 11.Bxc5 Nxc5 12.Nb3 O-O 13.Qd4 Ne4 14.g3 c5 15.Qa4
c4 16.Nd4 Qb6 17.Rd1 Qxb2 18.Qa5 Nc3 19.Rd2 Qc1+ 20.Kf2 Qxd2+ 21.Ne2 Ne4+ 
22.Kf3 Qxa5 0-1

[Event "Svenska Cupen"]
[Site "Linkoping"]
[Date "2015.09.05"]
[Round "4.5"]
[White "Westerberg, Jonathan"]
[Black "Arnelind, Mikael"]
[Result "0-1"]
[WhiteElo "2548"]
[BlackElo "2250"]

1.e4 e6 2.d4 d5 3.Nd2 Nf6 4.e5 Nfd7 5.f4 c5 6.c3 Nc6 7.Ndf3 cxd4 8.cxd4 
Bb4+ 9.Kf2 Qb6 10.Be3 f6 11.a3 Be7 12.b4 O-O 13.g3 Qd8 14.Kg2 Nb6 15.Bd3 
Nc4 16.Bc1 f5 17.Ne2 b5 18.Nc3 Rb8 19.Bxc4 bxc4 20.Be3 Bd7 21.Qd2 a6 22.
Ne1 Na7 23.Nc2 Bc6 24.Rhb1 Qd7 25.Rb2 Nb5 26.Ne2 Rfc8 27.Qe1 Na7 28.Bd2 
Ba4 29.Ne3 Nb5 30.Bc3 Bd8 31.h3 Bb6 32.g4 fxg4 33.hxg4 Rf8 34.Rbb1 Rf7 35.
Rc1 Rbf8 36.Qg3 Qa7 37.Re1 Nxc3 38.Nxc3 Bc6 39.Kh2 Bxd4 40.Ng2 Bf2 41.Qf3 
Bxe1 42.Rxe1 Ba8 43.f5 d4 44.Ne4 Qc7 45.Qf4 exf5 46.Nd6 Qc6 47.Nh4 Rd7 48.
gxf5 d3 49.Rg1 c3 50.f6 d2 51.Nhf5 Qf3 52.Qg5 Qf2+ 53.Kh3 Qf3+ 54.Kh2 Qf2+
55.Kh3 Qf3+ 56.Kh4 Qf2+ 57.Kh3 Qf3+ 58.Kh4 Qf2+ 59.Rg3 Qh2+ 60.Rh3 Qxh3+ 
61.Kxh3 d1=Q 62.f7+ Rfxf7 63.Ng3 Rxd6 64.exd6 Qxd6 65.Qe3 Qh6+ 0-1

[Event "Svenska Cupen"]
[Site "Linkoping"]
[Date "2015.09.05"]
[Round "4.6"]
[White "Kumar, Rahul"]
[Black "Nithander, Victor"]
[Result "1-0"]
[WhiteElo "2211"]
[BlackElo "2486"]

1.Nf3 c5 2.e3 g6 3.d4 Bg7 4.Bd3 d6 5.Nbd2 Nd7 6.c3 Ngf6 7.Ne4 Nxe4 8.Bxe4 
O-O 9.Bc2 e5 10.h4 exd4 11.exd4 Re8+ 12.Kf1 Nf6 13.h5 Bg4 14.hxg6 hxg6 15.
Bg5 Qd7 16.Rh4 cxd4 17.Qxd4 Ne4 18.Qa4 Qxa4 19.Bxa4 Bxf3 20.Bxe8 Rxe8 21.
Re1 Re6 22.Bc1 g5 23.gxf3 gxh4 24.Rxe4 Bf6 25.Rg4+ Kf8 26.Be3 a6 27.Kg2 
Ke8 28.Rb4 Re7 29.Kh3 d5 30.Rb6 Be5 31.Kxh4 Bc7 32.Rh6 Kd7 33.Kg4 Re6 34.
Rh7 Ke7 35.f4 Rg6+ 36.Kf3 Rg1 37.Bc5+ Kf6 38.Rh6+ Kg7 39.Rh5 Rd1 40.Bd4+ 
Kf8 41.Rxd5 Ke8 42.c4 Rc1 43.Bc3 Rc2 44.Ke3 Bb6+ 45.c5 Bc7 46.Rd1 Bb8 47.
Rf1 1-0

[Event "Svenska Cupen"]
[Site "Linkoping"]
[Date "2015.09.05"]
[Round "4.7"]
[White "Sagit, Rauan"]
[Black "Fransson, Patrick"]
[Result "1-0"]
[WhiteElo "2425"]
[BlackElo "2205"]

1.Nf3 f5 2.g3 Nf6 3.Bg2 g6 4.b3 Bg7 5.Bb2 d6 6.d4 O-O 7.O-O c6 8.c4 Qc7 9.
Nbd2 Re8 10.Qc2 e5 11.c5 e4 12.cxd6 Qxd6 13.Nc4 Qc7 14.Nfe5 Nd5 15.Ba3 b5 
16.Ne3 Nxe3 17.fxe3 Be6 18.Rac1 Bd5 19.g4 Qa5 20.Bd6 Bh6 21.gxf5 Bxe3+ 22.
Kh1 Bxd4 23.Ng4 Qd8 24.Bc5 Bxc5 25.Qxc5 Qg5 26.Ne3 Nd7 27.Qd4 Nb6 28.Rg1 
Rad8 29.fxg6 h5 30.Qc5 Nd7 31.Qxa7 Nf6 32.Rcf1 Rd7 33.Qd4 Ng4 34.Nxg4 hxg4
35.e3 Qe5 36.Qd1 Be6 37.Qe1 Kg7 38.Rf4 Rh8 39.Qg3 Qb2 40.Rxe4 Bd5 41.Rd4 
Qe2 42.Qe5+ Kg8 43.Qe8+ Kg7 44.Qxd7+ Kh6 45.Rxd5 1-0

[Event "Svenska Cupen"]
[Site "Linkoping"]
[Date "2015.09.05"]
[Round "4.8"]
[White "Anderzen, Robert"]
[Black "Pettersson, Anders"]
[Result "0-1"]
[WhiteElo "1983"]
[BlackElo "2354"]

1.d4 f5 2.Nf3 Nf6 3.g3 g6 4.Bg2 Bg7 5.O-O O-O 6.c4 d6 7.Nc3 Nc6 8.d5 Na5 
9.Qd3 c5 10.Ng5 h6 11.Nh3 Ng4 12.f4 a6 13.Bf3 Nf6 14.Nf2 Bd7 15.Bd2 b5 16.
b3 b4 17.Ncd1 Ne4 18.Rc1 Nxd2 19.Qxd2 Nb7 20.e4 a5 21.Re1 a4 22.e5 axb3 
23.axb3 Ra3 24.Rb1 Na5 25.Qc2 Qb8 26.Nd3 g5 27.N1f2 g4 28.Bg2 Qc7 29.Rb2 
Be8 30.Qd1 Bg6 31.Nc1 dxe5 32.fxe5 Bxe5 33.Rbe2 Bd6 34.Nfd3 Rf6 35.Ne5 Be8
36.h3 h5 37.Bf1 Kf8 38.Bg2 Ra1 39.Qd2 Rxc1 40.Qxc1 Nxb3 41.Qb1 Nd4 42.Re3 
gxh3 43.Bh1 Kg8 44.Kh2 f4 45.gxf4 Rxf4 46.Qc1 Rg4 47.Kxh3 Rg7 48.Kh2 b3 
0-1

[Event "Svenska Cupen"]
[Site "Linkoping"]
[Date "2015.09.05"]
[Round "5.1"]
[White "Arnelind, Mikael"]
[Black "Welin, Mats"]
[Result "0-1"]
[WhiteElo "2250"]
[BlackElo "2414"]

1.d4 Nf6 2.c4 e6 3.Nc3 Bb4 4.e3 b6 5.Bd3 Bb7 6.Nf3 O-O 7.O-O c5 8.Na4 cxd4
9.exd4 Re8 10.a3 Bd6 11.b4 Bxf3 12.Qxf3 Nc6 13.Bb2 e5 14.d5 Nd4 15.Qh3 g6 
16.f4 b5 17.Nc5 bxc4 18.Bxc4 Qb6 19.fxe5 Bxe5 20.Kh1 Nf5 21.Bxe5 Rxe5 22.
Qc3 d6 23.Nd3 Ne4 24.Nxe5 Nxc3 25.Ng4 Qd4 0-1

[Event "Svenska Cupen"]
[Site "Linkoping"]
[Date "2015.09.05"]
[Round "5.2"]
[White "Bengtsson, Jonas"]
[Black "Kumar, Rahul"]
[Result "0-1"]
[WhiteElo "2246"]
[BlackElo "2211"]

1.d4 d6 2.Nf3 g6 3.c4 Bg7 4.e4 Nc6 5.d5 Nb8 6.Be2 Nf6 7.Nc3 e5 8.Bg5 Nbd7 
9.Nd2 h6 10.Bh4 Nf8 11.Bg3 N8h7 12.c5 h5 13.h4 Ng4 14.cxd6 cxd6 15.Nc4 a6 
16.f3 Nh6 17.a4 O-O 18.a5 f5 19.Bf2 Nf6 20.O-O fxe4 21.Nxe4 Nxe4 22.fxe4 
Bg4 23.Bg3 Qc7 24.Qd3 Bxe2 25.Qxe2 Ng4 26.Kh1 Bh6 27.Rf3 Rac8 28.b3 Qc5 
29.Raf1 Rxf3 30.gxf3 Ne3 31.Nxe3 Qxe3 32.Qxe3 Bxe3 33.Bf2 Bf4 34.Rb1 Rc2 
35.Kg1 Bd2 36.Bb6 Bc1 37.b4 Bb2 38.Kf1 Kf7 39.Be3 Kf6 40.Bg5+ Kf7 41.Be3 
Ke7 42.Bf2 Kd7 43.Be3 Kc8 44.Bf2 Kd7 45.Be3 Bc3 46.Bf2 Bd2 47.Be1 Bxe1 48.
Kxe1 Rh2 49.Rb3 Rxh4 50.b5 axb5 51.Rxb5 Kc7 52.Kf2 Rh2+ 53.Kg3 Rc2 54.Rb3 
Ra2 55.Rb5 Ra3 56.Kh4 Rxf3 57.Kg5 Rc3 58.Kxg6 h4 59.Rb2 Re3 60.Kf5 h3 61.
Rc2+ Kd7 62.Rb2 Kc7 63.Rc2+ Kb8 64.Rb2 Ka7 65.Rh2 Rg3 66.Ke6 Rg6+ 67.Kd7 
Rh6 68.Rxh3 Rxh3 69.Kxd6 Rh5 70.Kc7 Rh4 0-1

[Event "Svenska Cupen"]
[Site "Linkoping"]
[Date "2015.09.05"]
[Round "5.3"]
[White "Fransson, Patrick"]
[Black "Berggren Torell, Harald"]
[Result "0-1"]
[WhiteElo "2205"]
[BlackElo "2225"]

1.d4 Nf6 2.Bg5 g6 3.Bxf6 exf6 4.e3 d6 5.Bd3 Bg7 6.c4 Nd7 7.Nc3 f5 8.Nf3 
O-O 9.Qc2 c5 10.O-O Nf6 11.Rad1 Qe7 12.a3 Re8 13.b4 b6 14.Rfe1 Bb7 15.d5 
Ne4 16.Ne2 Qf6 17.Rb1 Nc3 18.Rb3 Nxe2+ 19.Rxe2 Bc8 20.Rb1 Bd7 21.Rc1 Re7 
22.Qd1 Rae8 23.Ra2 f4 24.e4 h5 25.Ne1 Qg5 26.Nf3 Qf6 27.Ne1 Qg5 28.Nf3 Qh6
29.Qd2 Bg4 30.Ne1 Bd7 31.b5 h4 32.h3 Qg5 33.Nf3 Qh5 34.Nh2 f3 35.Nxf3 Bh6 
36.Qd1 Bxc1 37.Qxc1 Bxh3 38.Qf4 Bg4 39.Nh2 Bc8 40.Nf3 Bg4 41.Nh2 Bc8 42.
Nf3 h3 43.g3 Qg4 44.Qxg4 Bxg4 45.Nh2 Bc8 46.f3 Kg7 47.Kf2 f5 48.g4 fxg4 
49.fxg4 Rf7+ 50.Kg3 g5 51.Kxh3 Rf4 52.Kg3 Rh8 53.a4 Rh4 54.Be2 Rxe4 55.a5 
Kf6 56.axb6 axb6 57.Bf3 Rxc4 58.Ra7 Rc2 59.Bg2 Rc3+ 60.Nf3 Rxg4+ 61.Kf2 
Rc2+ 0-1

[Event "Svenska Cupen"]
[Site "Linkoping"]
[Date "2015.09.05"]
[Round "5.4"]
[White "Svorono, Gabriel"]
[Black "Anderzen, Robert"]
[Result "0-1"]
[WhiteElo "1982"]
[BlackElo "1983"]

1.e4 c5 2.Nf3 d6 3.d4 cxd4 4.Nxd4 Nf6 5.Nc3 a6 6.Be2 e5 7.Nb3 Be6 8.O-O 
Be7 9.Be3 Nbd7 10.Qd3 O-O 11.Nd5 Bxd5 12.exd5 Ne8 13.f4 Bf6 14.c3 exf4 15.
Bxf4 Be5 16.Nd4 Nef6 17.Nf5 Bxf4 18.Rxf4 Ne5 19.Qd4 Re8 20.Raf1 Ng6 21.
R4f2 Re4 22.Qd2 Qb6 23.Kh1 Rae8 24.Bd3 Ng4 25.Rf3 R4e5 26.h3 Ne3 27.Nxe3 
Rxe3 28.Bxg6 fxg6 29.Qf2 Rxf3 30.Qxb6 Rxf1+ 31.Kh2 h5 32.Qxb7 Re2 33.Qxa6 
Rff2 34.Qxd6 Rxg2+ 35.Kh1 Rgf2 36.Kg1 Rg2+ 37.Kh1 Rgf2 38.Kg1 Rg2+ 39.Kh1 
Rxb2 40.Qe6+ Kh7 41.Qe1 Rxa2 42.Qf1 Rgf2 43.Qg1 Rfd2 44.c4 Rac2 45.Qe1 Rd4
46.Kg1 Rdxc4 47.Qe5 Rd2 48.Qe1 Rcd4 49.Qe6 Rxd5 50.Kf1 Ra5 51.Qe1 Rad5 52.
Qe6 R5d3 53.Kg1 Rg3+ 54.Kf1 Rdd3 55.Kf2 Rdf3+ 0-1

[Event "Svenska Cupen"]
[Site "Linkoping"]
[Date "2015.09.05"]
[Round "5.5"]
[White "Emmoth, Alfons"]
[Black "Thorn, Eric"]
[Result "0-1"]
[WhiteElo "1858"]
[BlackElo "2273"]

1.d4 g6 2.c4 Bg7 3.Nc3 c5 4.d5 Bxc3+ 5.bxc3 f5 6.e4 fxe4 7.f3 Qa5 8.Qc2 
Nf6 9.fxe4 d6 10.Bd3 Nbd7 11.Bf4 Ng4 12.Nf3 Rf8 13.Bg3 b5 14.Qd2 bxc4 15.
Bc2 Nb6 16.O-O Bd7 17.e5 O-O-O 18.exd6 exd6 19.Bxd6 Rfe8 20.Rfe1 Rxe1+ 21.
Rxe1 Bf5 22.Bxf5+ gxf5 23.Qf4 Kb7 24.Re7+ Ka6 25.Qxf5 Rxd6 26.Qxg4 Qxc3 
27.Qf4 Qf6 28.Qxf6 Rxf6 29.Re6 c3 30.Ne1 Rf5 31.d6 Rd5 32.Re3 Na4 33.Rd3 
Rxd3 34.Nxd3 Kb6 35.Kf2 Kc6 36.Ke3 Kxd6 37.Nc1 Kd5 38.g4 c4 39.h4 Ke5 40.
Ne2 a5 41.Nc1 Nb6 42.Ne2 Nd5+ 43.Kf3 c2 44.Nc1 Kd4 45.g5 Kc3 46.a3 Kd2 47.
Na2 Nc3 48.h5 Nxa2 49.g6 hxg6 50.hxg6 c1=Q 51.g7 Qg1 0-1

[Event "Svenska Cupen"]
[Site "Linkoping"]
[Date "2015.09.05"]
[Round "5.6"]
[White "Aperia, Jakob"]
[Black "Grueso Cordoba, Santiago"]
[Result "1-0"]
[WhiteElo "2209"]
[BlackElo "1799"]

1.c4 e5 2.g3 Nc6 3.Bg2 Bc5 4.Nc3 f5 5.a3 a5 6.d3 Nf6 7.e3 O-O 8.Nge2 Qe7 
9.Nd5 Nxd5 10.cxd5 Nd8 11.O-O Bb6 12.b3 Nf7 13.Qc2 d6 14.Bd2 Bd7 15.b4 
Rfc8 16.Nc3 Qe8 17.Kh1 c5 18.b5 Bd8 19.a4 b6 20.e4 Bf6 21.Rae1 c4 22.dxc4 
Rxc4 23.exf5 Qc8 24.Be4 Rxe4 25.Qxe4 Bxf5 26.Qe2 Bh3 27.Rg1 Bg5 28.Ne4 
Bxd2 29.Qxd2 Qc4 30.g4 h5 31.gxh5 Bf5 32.f3 Qxa4 33.Qg2 g6 34.hxg6 Nh8 35.
g7 Ng6 36.Qg5 Bxe4 37.Rxe4 Qb3 38.Qxg6 Qxf3+ 39.Qg2 Qf7 40.Rh4 1-0

[Event "Svenska Cupen"]
[Site "Linkoping"]
[Date "2015.09.05"]
[Round "5.7"]
[White "Svensson, John"]
[Black "Sjoholm, Emil"]
[Result "0-1"]
[WhiteElo "1693"]
[BlackElo "2174"]

1.e4 e5 2.Nf3 Nc6 3.Bb5 Nf6 4.O-O Nxe4 5.Re1 Nd6 6.Nxe5 Be7 7.Ba4 Nxe5 8.
Rxe5 O-O 9.Nc3 Bf6 10.Re1 c6 11.d4 Nf5 12.Ne2 d5 13.c3 Be7 14.Bc2 g6 15.g3
Ng7 16.Bh6 Re8 17.Bxg7 Kxg7 18.Qd2 Bg4 19.Nf4 Qd7 20.Ng2 h6 21.f4 Bf5 22.
Bd1 c5 23.Ne3 Be4 24.Bb3 Rad8 25.Rad1 a5 26.a3 b6 27.Rf1 h5 28.Bc2 cxd4 
29.Qxd4+ Bf6 30.Qxb6 Rb8 31.Qxa5 Bxc2 32.Nxc2 Re2 33.Rf2 Rxf2 34.Kxf2 Rxb2
35.Rc1 Qf5 36.Qa4 Qd3 37.Kg1 Qd2 38.Rf1 Rxc2 0-1

[Event "Svenska Cupen"]
[Site "Linkoping"]
[Date "2015.09.05"]
[Round "5.8"]
[White "Gundersen, Ingvar"]
[Black "Carlsson, Ludvig"]
[Result "1-0"]
[WhiteElo "1811"]
[BlackElo "1633"]

1.e4 c5 2.Nc3 e6 3.Nf3 a6 4.a4 d5 5.exd5 exd5 6.d4 Nf6 7.Be2 Nc6 8.O-O Be7
9.Bf4 O-O 10.h3 Bf5 11.Re1 Rc8 12.Bd3 Bxd3 13.Qxd3 c4 14.Qd1 Qb6 15.Rb1 
Bb4 16.Bg5 Ne7 17.Ne5 Rcd8 18.Qf3 Rd6 19.Nxc4 dxc4 20.Rxe7 Qa5 21.Re5 Qb6 
22.Ne2 Nd7 23.Re3 Bd2 24.Be7 Bxe3 25.fxe3 Re8 26.Bxd6 Qxd6 27.e4 Qc6 28.
Nc3 b5 29.axb5 axb5 30.Nd5 f6 31.c3 Qa6 32.Rf1 Qa7 33.e5 Rxe5 34.Kh1 Re8 
35.Nf4 Qa8 36.Nd5 Qb8 37.Qf5 Qd6 38.Nf4 Qc6 39.d5 Qc8 40.Ne6 Nf8 41.Re1 
Nxe6 42.dxe6 Qb7 43.Qc5 Qc8 44.Qd6 Qd8 45.Rd1 Qxd6 46.Rxd6 g6 47.Kg1 h6 
48.Kf2 f5 49.Ke3 Kg7 50.Kd4 Kf6 51.Kd5 g5 52.Rb6 g4 53.hxg4 fxg4 54.e7+ 
Kxe7 55.Rxh6 Rd8+ 56.Kc5 Rd2 57.Kxb5 Rxg2 58.Kxc4 Rxb2 59.Rh1 Ke6 60.Kc5 
Ke5 61.c4 g3 62.Rh4 Kf5 63.Kc6 g2 64.Rh5+ Kf4 65.Rh4+ Kf3 66.Rh3+ Kf2 67.
Rh2 Ke3 68.Rh3+ Kd4 69.Rh4+ Ke5 70.Rg4 Rc2 71.c5 Kf5 72.Rg3 Kf4 73.Rg7 Kf3
74.Rf7+ 1-0